القوة والحركة / (رقم التسجيلة. 135254)
[ عرض عادي ]
| 000 -LEADER | |
|---|---|
| fixed length control field | 00654nam a22002057a 4500 |
| 005 - DATE AND TIME OF LATEST TRANSACTION | |
| control field | 20251108175502.0 |
| 008 - FIXED-LENGTH DATA ELEMENTS--GENERAL INFORMATION | |
| fixed length control field | 250721s2016 xx 000 0 ara d |
| 082 14 - DEWEY DECIMAL CLASSIFICATION NUMBER | |
| Classification number | ط/531.1/روي |
| 100 1# - MAIN ENTRY--PERSONAL NAME | |
| Personal name | رويستون، آنجيلا |
| 245 10 - TITLE STATEMENT | |
| Title | القوة والحركة / |
| 264 1# - PRODUCTION, PUBLICATION, DISTRIBUTION, MANUFACTURE, AND COPYRIGHT NOTICE | |
| Place of production, publication, distribution, manufacture | بيروت : |
| Name of producer, publisher, distributor, manufacturer | المكتبة الحديثة ناشرون، |
| Date of production, publication, distribution, manufacture, or copyright notice | 2016. |
| 300 ## - PHYSICAL DESCRIPTION | |
| Extent | 48ص. |
| 490 0# - SERIES STATEMENT | |
| Series statement | سلسلة علوم الفيزياء الاساسية |
| 650 17 - SUBJECT ADDED ENTRY--TOPICAL TERM | |
| Topical term or geographic name as entry element | القوة |
| 650 17 - SUBJECT ADDED ENTRY--TOPICAL TERM | |
| Topical term or geographic name as entry element | الحركة |
| 653 ## - INDEX TERM--UNCONTROLLED | |
| Uncontrolled term | مرحلة ناشؤون صغار (10-14)سنة |
| 700 1# - ADDED ENTRY--PERSONAL NAME | |
| Personal name | الحريري، نهى |
| Relator term | مترجم |
| 942 ## - ADDED ENTRY ELEMENTS (KOHA) | |
| Source of classification or shelving scheme | Dewey Decimal Classification |
| Koha item type | كتب |
| حالة السحب | حالة الفقدان | مصدر التصنيف | حالة التلف | غير قابل للإعارة | المكتبة الرئيسية | المكتبة الحالية | موقع الرف | تاريخ التزويد | الرقم المتسلسل | Total Checkouts | رقم الإستدعاء | الباركود | تاريخ آخر ظهور | تاريخ الفاتورة | نوع المادة (كوها) |
|---|---|---|---|---|---|---|---|---|---|---|---|---|---|---|---|
| Dewey Decimal Classification | المكتبة المركزية | المكتبة المركزية | الأطفال | 28/07/2025 | 1642761 | ط/531.1/روي | PLD00394408 | 28/07/2025 | 28/07/2025 | كتب | |||||
| Dewey Decimal Classification | مكتبة البشائر للأطفال | مكتبة البشائر للأطفال | الأطفال | 09/11/2016 | 1642764 | ط/531.1/روي | PLD00398384 | 28/07/2025 | 09/11/2016 | كتب | |||||
| Dewey Decimal Classification | مكتبة أم المؤمنين للأطفال | مكتبة أم المؤمنين للأطفال | الأطفال | 09/11/2016 | 1642763 | ط/531.1/روي | PLD00398383 | 28/07/2025 | 09/11/2016 | كتب | |||||
| Dewey Decimal Classification | مكتبة الراية الهاشمية للأطفال | مكتبة الراية الهاشمية للأطفال | الأطفال | 09/11/2016 | 1642765 | ط/531.1/روي | PLD00398385 | 28/07/2025 | 09/11/2016 | كتب | |||||
| Dewey Decimal Classification | مكتبة بدر للأطفال | مكتبة بدر للأطفال | الأطفال | 09/11/2016 | 1642762 | ط/531.1/روي | PLD00398382 | 28/07/2025 | 09/11/2016 | كتب |